| 000 | 00755cam a2200229 4500 | ||
|---|---|---|---|
| 005 | 20160803100214.0 | ||
| 008 | 160803b sp ||||| |||| 00| 0 spa d | ||
| 020 | _a8423997316 | ||
| 050 | 0 | 4 |
_aDP203 _bF87 2003 |
| 100 | 1 |
_aFusi Aizpurúa, Juan Pablo, _d[1945- ] |
|
| 245 | 1 | 0 |
_aEspaña : _b1808-1996. El desafio de la modernidad / _cJuan Pablo Fusi y Jordi Palafox. |
| 250 | _a5a ed. | ||
| 260 |
_aMadrid : _bEspasa Calpe, _c2003 |
||
| 300 |
_a465 p. : _bil. ; _c23 cm. |
||
| 490 | 0 | _aEspasa Forum | |
| 504 | _aIncluye bibliografía | ||
| 506 | _aRec. Esc. | ||
| 651 | 7 |
_2Lemb _aEspaña _xHistoria _ySiglo XIX |
|
| 651 | 7 |
_2Lemb _aEspaña _xHistoria _ySiglo XX |
|
| 700 | 1 |
_aPalafox Gamir, Jordi, _d1952- ], _ecoaut. |
|
| 942 |
_2lcc _cLIB |
||
| 999 |
_c60401 _d60401 |
||